| 000 | 00521nam a2200193 a 4500 | ||
|---|---|---|---|
| 005 | 20210219154643.0 | ||
| 008 | 031003s19711978mx r 000 0 spa d | ||
| 020 | _a9681801083 | ||
| 035 | _aUPN01000129557 | ||
| 049 | _aCG | ||
| 050 | 4 |
_aTS158.2 _bC6.6 |
|
| 100 | 1 | _aCollantes Díaz, A. | |
| 245 | 1 | 3 |
_aEl peert / _cA. Collantes Díaz. |
| 260 |
_aMéxico : _bLimusa, _c1971 (1978 impr.) |
||
| 300 |
_a141 p. : _bil., gráfs. |
||
| 440 | 0 | _aQué es y para que | |
| 650 | 4 | _aPERT (ANALISIS DE REDES) | |
| 905 | _aLibro | ||
| 999 |
_c101729 _d101729 |
||